Najbardziej ruchliwe porty kontenerowe - Statystyki

Ogólne statystyki
  • Ten quiz został rozwiązany 3 347 razy
    1 927 od ostatniego zresetowania
  • Średni wynik to 7 z 24
Statystyki odpowiedzi
Region TEU Port % Poprawnych
Chiny 47,0 mln Szanghaj
86%
Chiny 17,8 mln Hongkong
70%
AmerykaPółnocna 8,99 mln Nowy Jork /New Jersey
65%
Europa 8,71 mln Hamburg
63%
Azja Południowo- Wschodnia 37,5 mln Singapur
62%
Europa 15,3 mln Rotterdam
60%
AmerykaPółnocna 20,1 mln Los Angeles /Long Beach
54%
Chiny 24,2 mln Kanton
53%
Bliski Wschód 13,4 mln Dubaj
39%
Azja Południowo- Wschodnia 7,96 mln Ho Chi Minh
24%
Europa 12,0 mln Antwerpia
23%
Chiny 12,0 mln Xiamen
19%
Chiny 20,3 mln Tiencin
18%
Chiny 23,7 mln Qingdao
16%
Chiny 28,8 mln Shenzhen
14%
Azja Wschodnia 22,7 mln Pusan
12%
Chiny 31,1 mln Ningbo-Zhoushan
11%
Azja Południowa 7,25 mln Kolombo
10%
Afryka Północna 7,18 mln Tanger
8%
Chiny 7,04 mln Taicang / Suzhou
7%
Azja Południowo- Wschodnia 11,2 mln Johor Bahru
6%
Azja Wschodnia 9,86 mln Kaohsiung
6%
Azja Południowo-Wschodnia 8,34 mln Laem Chabang
5%
Azja Południowo- Wschodnia 13,7 mln Port Klang
5%
Nie znaleziono quizów pasujących do podanych kryteriów
Rozkład punktacji
Procent ludzi z każdym wynikiem
Percentyl według liczby udzielonych odpowiedzi
Twoja historia wyników
Nie rozwiązałeś tego quizu od ostatniego zresetowania